000 01073nam a22002297a 4500
005 20210325205231.0
008 s2553 th ||||| |||| 00| 0 tha d
020 _a9789748349701
050 _aHF5693.T5 ก399ก 2553
100 0 _aกัลยา วานิชย์บัญชา
245 1 0 _aการวิเคราะห์เชิงปริมาณ
260 3 _aกรุงเทพฯ :
_bคณะพาณิชยศาสตร์และการบัญชี จุฬาลงกรณ์มหาวิทยาลัย,
_c2553
300 _a312 หน้า :
_b ภาพประกอบ, ตาราง ;
_c 26 ซม.
650 0 4 _aการจัดการธุรกิจ
650 0 4 _aสถิติการค้า
650 0 4 _aการวิเคราะห์เชิงปริมาณ
850 _aNALT
942 _cGB
997 _a38704 ฉ.1 /38705 ฉ.2
997 _c000000000062982
998 _aนางสุกัญญา กัลยา
999 _c62982
_d62982